01594cam a2200253 i 45000010008000000030004000080050017000120080041000290100017000700200018000870400018001050430012001230500016001350820020001512450077001712500013002482600039002613000019003005000020003195050928003396500026012677000029012937000018013221766530OSt20230628134947.0760910s1975 enk 001 0 eng  a 76365369  a9781292251028 aDLCcDLCdDLC ae-uk---00aKD1650.A96  2dc23a36.4207/214aAtiyah and Adam's sale of goods. /cChistian Twigg-Flesner, Rick Canavan a14th ed. aHarlow, England :bPearson,c2021. alvii, 552 p. : aIncludes index. aContents: Nature and formation of the contract of sale: Sources of the law of the sale of goods -- The contract of sale -- Subject-matter of the contract -- The types f obligation created -- The duties of the seller: The existence of the goods and the duty to pass a good title -- The duty to deliver the goods -- The duty to supply goods of the right quality -- Exclusion of seller's liability -- The duties of the buyer: The duties of the buyer -- The effects of the contract: The transfer of property -- Risk and frustration -- Transfer of title by a non-owner -- Export sales: Export sales -- International convention on sales of goods ('CISG') -- The remedies of the seller: Real remedies -- Personal remedies -- The remedies of the buyer: Rejection of the goods, recession and specific performance -- Action for damages -- Consumer sales: Consumer sales contracts -- Product liability -- Manufacturers' guarantees --  0aSaleszGreat Britain. aTwigg-Flesner, Christian aCavanan, Rick